Statistics for Canadian Army Ranks

Click here to take the quiz!

General Stats

  • This quiz has been taken 173 times
    (146 since last reset)
  • The average score is 12 of 18

Answer Stats

NATO CodeRank% Correct
OR-2Private Recruit
92%
OR-4Corporal
86%
OF-2Lieutenant
82%
OR-6Sergeant
82%
OF-4Major
80%
OF-3Captain
78%
OR-3Private
77%
OF-6Colonel
73%
OR-7Warrant Officer
66%
OF-5Lieutenant Colonel
64%
CadetOfficer Cadet
58%
OF-8Major General
57%
OR-5Master Corporal
55%
OF-9Lieutenant General
53%
OF-7Brigadier General
52%
OF-1Second Lieutenant
52%
OR-9Chief Warrant Officer
45%
OR-8Master Warrant Officer
42%

Score Distribution

Percentile by Number Answered

Percent of People with Each Score

Your Score History

You have not taken this quiz since the last reset